000 003960000a22001570004500
001 004028
003 MACL
040 _aMACL
090 _c16021
_d16020
100 _aPruthi, Raj Kumar
245 _aEncyclopaedia Of Status And Empowerment Of Women In India Volume 1
_cRaj Kumar Pruthi
260 _aSaurabh Communications,
_c2002
350 _a275
650 _aEncyclopedia
942 _k31
_cBook
999 _c15920
_d15920